00493nam a2200169 450000500170000000700040001700800040002102000180002504000090004305000200005210000190007224500660009126000480015730000250020550000500023065000430028020150901092723.0000000 a9788126544592 aUOEL aS561b.O47 2004 aOlson, Kent D. aFarm management :bprinciples and strategies /cKent D. Olson aNew Delhi ;bWiley India Pvt. Ltd ,cc2004. axiii, 429 p. :bill. aIncludes bibliographical references and index aFarm managementxAgriculture (General)